Sociolinguistics; A Nigerian English (Record no. 2660)

MARC details
000 -LEADER
fixed length control field 00350nam a22001337a 4500
008 - FIXED-LENGTH DATA ELEMENTS--GENERAL INFORMATION
fixed length control field 250325b |||||||| |||| 00| 0 eng d
020 ## - INTERNATIONAL STANDARD BOOK NUMBER
ISBN 9782165247
100 ## - MAIN ENTRY--AUTHOR
Author ODUMAH Adama E.
245 ## - TITLE STATEMENT
Title Sociolinguistics; A Nigerian English
260 ## - PUBLICATION, DISTRIBUTION, ETC. (IMPRINT)
Place of publication Nigeria
Name of publisher Sam Bookman Education
Date of publication 1993
300 ## - COLLATION
Pagination viii, ix, 49p.
942 ## - ADDED ENTRY ELEMENTS (KOHA)
Item type Books
050 ## - LIBRARY OF CONGRESS CALL NUMBER
Classification number PJ2438
Item number .O38
Holdings
Source of classification or shelving scheme Not for loan Permanent location Current location Date acquired Accession No. Full call number Barcode. Koha item type
Library of Congress Classification   Samuel Ogbemudia Main Library, University of Abuja Samuel Ogbemudia Main Library, University of Abuja 03/25/2025 94/015788 PJ2438.O38 2025-0953 Books